000 00431nam a2200181Ia 4500
001 4970
005 20260306145833.0
008 260306t2012||||xx |||||||||||||| ||spa||
041 _aESP
082 _a332.1
_bN94
100 _aNúñez, Francisco Isidro
_eAUT
245 0 _aMercados financieros y derivados
260 _c2012
300 _a96 páginas :
_c30 cm.
650 _aGEN
654 _aCAN
942 _cLIB
_dJUS
_fJUS
_2ddc
_n
999 _c4970
_d4970